<?xml version="1.0" encoding="UTF-8"?>
<record
    xmlns:xsi="http://www.w3.org/2001/XMLSchema-instance"
    xsi:schemaLocation="http://www.loc.gov/MARC21/slim http://www.loc.gov/standards/marcxml/schema/MARC21slim.xsd"
    xmlns="http://www.loc.gov/MARC21/slim">

  <leader>00425nam a2200169Ia 4500</leader>
  <controlfield tag="008">221030s9999    xx            000 0 und d</controlfield>
  <datafield tag="020" ind1=" " ind2=" ">
    <subfield code="a">8177588230</subfield>
  </datafield>
  <datafield tag="041" ind1=" " ind2=" ">
    <subfield code="a">English</subfield>
  </datafield>
  <datafield tag="082" ind1=" " ind2=" ">
    <subfield code="a">105.23</subfield>
    <subfield code="b">Nia</subfield>
  </datafield>
  <datafield tag="100" ind1=" " ind2=" ">
    <subfield code="a">Ze-Nian Li</subfield>
  </datafield>
  <datafield tag="245" ind1=" " ind2="0">
    <subfield code="a">Fundamentals of Multimedia</subfield>
    <subfield code="c">by Ze-Nian Li, M. S. Drew</subfield>
  </datafield>
  <datafield tag="260" ind1=" " ind2=" ">
    <subfield code="b">Pearson   Education</subfield>
    <subfield code="a">Delhi</subfield>
    <subfield code="c">2006</subfield>
  </datafield>
  <datafield tag="300" ind1=" " ind2=" ">
    <subfield code="a">560</subfield>
  </datafield>
  <datafield tag="650" ind1=" " ind2=" ">
    <subfield code="a">BE Computer</subfield>
  </datafield>
  <datafield tag="700" ind1=" " ind2=" ">
    <subfield code="a">M. S. Drew</subfield>
  </datafield>
  <datafield tag="942" ind1=" " ind2=" ">
    <subfield code="c">BK</subfield>
  </datafield>
  <datafield tag="999" ind1=" " ind2=" ">
    <subfield code="c">1795</subfield>
    <subfield code="d">1795</subfield>
  </datafield>
  <datafield tag="952" ind1=" " ind2=" ">
    <subfield code="p">BE 8619</subfield>
    <subfield code="g">299.00</subfield>
    <subfield code="l">0</subfield>
    <subfield code="o">105.23 Nia</subfield>
    <subfield code="r">2024-06-13 00:00:00</subfield>
    <subfield code="w">2022-10-30</subfield>
    <subfield code="y">BK</subfield>
    <subfield code="0">0</subfield>
    <subfield code="3">Print</subfield>
    <subfield code="4">0</subfield>
    <subfield code="7">1</subfield>
    <subfield code="a">MIETLIB</subfield>
    <subfield code="b">MIETLIB</subfield>
    <subfield code="c">BL-Second, FL-1, CUP-58, SH-3, R-3</subfield>
    <subfield code="d">2006-11-18</subfield>
    <subfield code="1">0</subfield>
    <subfield code="H">BE</subfield>
  </datafield>
  <datafield tag="952" ind1=" " ind2=" ">
    <subfield code="p">M 1209</subfield>
    <subfield code="g">299.00</subfield>
    <subfield code="l">0</subfield>
    <subfield code="o">105.23 Ze</subfield>
    <subfield code="r">2024-06-10 00:00:00</subfield>
    <subfield code="w">2022-10-30</subfield>
    <subfield code="y">BK</subfield>
    <subfield code="0">0</subfield>
    <subfield code="3">Print</subfield>
    <subfield code="4">0</subfield>
    <subfield code="7">0</subfield>
    <subfield code="a">MIETLIB</subfield>
    <subfield code="b">MIETLIB</subfield>
    <subfield code="c">BL-Academic Block- B, FL-2, CUP-124, SH-4, R-4</subfield>
    <subfield code="d">2006-11-13</subfield>
    <subfield code="1">0</subfield>
    <subfield code="H">MCA</subfield>
  </datafield>
  <datafield tag="952" ind1=" " ind2=" ">
    <subfield code="p">M 953</subfield>
    <subfield code="g">350.00</subfield>
    <subfield code="l">0</subfield>
    <subfield code="o">105.23 Nia</subfield>
    <subfield code="r">2024-06-10 00:00:00</subfield>
    <subfield code="w">2022-10-30</subfield>
    <subfield code="y">BK</subfield>
    <subfield code="0">0</subfield>
    <subfield code="3">Print</subfield>
    <subfield code="4">0</subfield>
    <subfield code="7">0</subfield>
    <subfield code="a">MIETLIB</subfield>
    <subfield code="b">MIETLIB</subfield>
    <subfield code="c">BL-Academic Block- B, FL-2, CUP-124, SH-4, R-4</subfield>
    <subfield code="d">2006-09-05</subfield>
    <subfield code="1">0</subfield>
    <subfield code="H">MCA</subfield>
  </datafield>
  <datafield tag="952" ind1=" " ind2=" ">
    <subfield code="p">M 954</subfield>
    <subfield code="g">350.00</subfield>
    <subfield code="l">0</subfield>
    <subfield code="o">105.23 Nia</subfield>
    <subfield code="r">2024-06-10 00:00:00</subfield>
    <subfield code="w">2022-10-30</subfield>
    <subfield code="y">BK</subfield>
    <subfield code="0">0</subfield>
    <subfield code="3">Print</subfield>
    <subfield code="4">0</subfield>
    <subfield code="7">0</subfield>
    <subfield code="a">MIETLIB</subfield>
    <subfield code="b">MIETLIB</subfield>
    <subfield code="c">BL-Academic Block- B, FL-2, CUP-144, SH-6, R-6</subfield>
    <subfield code="d">2006-09-05</subfield>
    <subfield code="1">0</subfield>
    <subfield code="H">MCA</subfield>
  </datafield>
  <datafield tag="952" ind1=" " ind2=" ">
    <subfield code="p">M 955</subfield>
    <subfield code="g">350.00</subfield>
    <subfield code="l">0</subfield>
    <subfield code="o">105.23 Nia</subfield>
    <subfield code="r">2024-06-10 00:00:00</subfield>
    <subfield code="w">2022-10-30</subfield>
    <subfield code="y">BK</subfield>
    <subfield code="0">0</subfield>
    <subfield code="3">Print</subfield>
    <subfield code="4">0</subfield>
    <subfield code="7">0</subfield>
    <subfield code="a">MIETLIB</subfield>
    <subfield code="b">MIETLIB</subfield>
    <subfield code="c">BL-Academic Block- B, FL-2, CUP-144, SH-6, R-6</subfield>
    <subfield code="d">2006-09-05</subfield>
    <subfield code="1">0</subfield>
    <subfield code="H">MCA</subfield>
  </datafield>
  <datafield tag="952" ind1=" " ind2=" ">
    <subfield code="p">M 1210</subfield>
    <subfield code="g">299.00</subfield>
    <subfield code="l">0</subfield>
    <subfield code="o">105.23 Ze</subfield>
    <subfield code="r">2024-06-10 00:00:00</subfield>
    <subfield code="w">2022-10-30</subfield>
    <subfield code="y">BK</subfield>
    <subfield code="0">0</subfield>
    <subfield code="3">Print</subfield>
    <subfield code="4">0</subfield>
    <subfield code="7">0</subfield>
    <subfield code="a">MIETLIB</subfield>
    <subfield code="b">MIETLIB</subfield>
    <subfield code="c">BL-Academic Block- B, FL-2, CUP-144, SH-6, R-6</subfield>
    <subfield code="d">2006-11-13</subfield>
    <subfield code="1">0</subfield>
    <subfield code="H">MCA</subfield>
  </datafield>
  <datafield tag="952" ind1=" " ind2=" ">
    <subfield code="p">M 1211</subfield>
    <subfield code="g">299.00</subfield>
    <subfield code="l">0</subfield>
    <subfield code="o">105.23 Ze</subfield>
    <subfield code="r">2024-06-10 00:00:00</subfield>
    <subfield code="w">2022-10-30</subfield>
    <subfield code="y">BK</subfield>
    <subfield code="0">0</subfield>
    <subfield code="3">Print</subfield>
    <subfield code="4">0</subfield>
    <subfield code="7">0</subfield>
    <subfield code="a">MIETLIB</subfield>
    <subfield code="b">MIETLIB</subfield>
    <subfield code="c">BL-Second, FL-1, CUP-80, SH-4, R-4</subfield>
    <subfield code="d">2006-11-13</subfield>
    <subfield code="1">0</subfield>
    <subfield code="H">MCA</subfield>
  </datafield>
</record>
